US Metropolitan Regions with the Largest GDP - Statistics

General Stats
  • This quiz has been taken 390 times
  • The average score is 29 of 34
Answer Stats
GDP in Millions of Dollars Answer % Correct
1,558,518 New York City
100%
610,552 Chicago
99%
525,397 Houston
99%
866,745 Los Angeles
99%
504,358 Dallas-Fort Worth
98%
299,161 Miami
97%
411,969 San Francisco
96%
382,459 Boston
95%
300,827 Seattle-Tacoma
95%
471,584 Washington, D.C.
95%
324,881 Atlanta
92%
391,118 Philadelphia
92%
236,500 Detroit
91%
187,111 Denver
89%
215,214 Phoenix
88%
206,817 San Diego
87%
115,262 Austin
86%
235,733 Twin Cities
85%
124,609 Cleveland
82%
104,787 San Antonio
82%
159,328 Portland, Oregon
81%
173,516 Baltimore
80%
115,927 Orlando
79%
149,951 St. Louis
79%
117,824 Columbus
78%
125,864 Indianapolis
78%
121,638 Kansas City
77%
135,662 Pittsburgh
77%
143,628 Charlotte
76%
121,407 Cincinnati
74%
106,695 Nashville
74%
213,819 San Jose
74%
115,262 Sacramento
69%
133,983 Riverside-San Bernardino
41%
No matching quizzes found
Score Distribution
Percent of People with Each Score
Percentile by Number Answered
Your Score History
You have not taken this quiz